000
00321 a2200157 4500
001
175874
020
_a
040
_c
Magnum
100
_a
Paulino, Wilson Roberto
240
1
0
_a
Ecologia atual
_l
por
245
1
0
_a
Ecologia atual
362
0
_a
1899
440
1
_a
Ática
697
_a
MAGNITO: ECOLOGIA
942
_c
BK
999
_c
175874
_d
175874